バイオテクノロジーの夢と現実 : <植物バイオ>実用化への展望

Đã lưu trong:
Bibliografiske detaljer
Hovedforfatter: 日比野進(ひびの すすむ)
Format: Bog
Sprog:Undetermined
Udgivet: 東京 日通総合研究所 1988
Fag:
Tags: Tilføj Tag
Ingen Tags, Vær først til at tagge denne postø!
Thư viện lưu trữ: Trung tâm Học liệu Trường Đại học Cần Thơ
LEADER 00574nam a2200193Ia 4500
001 CTU_94143
008 210402s9999 xx 000 0 und d
082 |a 574.88 
082 |b H624 
100 |a 日比野進(ひびの すすむ) 
245 0 |a バイオテクノロジーの夢と現実 : 
245 0 |b <植物バイオ>実用化への展望 
245 0 |c 日比野進 
260 |a 東京 
260 |b 日通総合研究所 
260 |c 1988 
650 |a Biotechnology 
904 |i Ngoc 
980 |a Trung tâm Học liệu Trường Đại học Cần Thơ